| 000 | 00381nam a2200157Ia 4500 | ||
|---|---|---|---|
| 008 | 230917s9999||||xx |||||||||||||| ||und|| | ||
| 020 | _cRS175 | ||
| 040 |
_e9118 _aMAIN |
||
| 041 | _aEnglish | ||
| 082 | _a352.054 S64R | ||
| 100 | _aSingh, S K | ||
| 245 | 0 | _aRole of panchayati raj in India | |
| 260 |
_aNew Delhi _bRada Publication _c1992 |
||
| 300 | _avi, 143 p. | ||
| 942 | _cBK | ||
| 999 |
_c65133 _d65133 |
||